5HLuxD.jpg

KING HENRY VIII SENIOR AND PRIMARY SCHOOL LIBRARY OPAC

FAMOUS PAINTINGS (Record no. 5097)

000 -LEADER
fixed length control field 00658nam a22002177a 4500
005 - DATE AND TIME OF LATEST TRANSACTION
control field 20251104111614.0
008 - FIXED-LENGTH DATA ELEMENTS--GENERAL INFORMATION
fixed length control field 250612b ||||| |||| 00| 0 eng d
020 ## - INTERNATIONAL STANDARD BOOK NUMBER
International Standard Book Number 9781474938181
040 ## - CATALOGING SOURCE
Transcribing agency KH8
082 ## - DEWEY DECIMAL CLASSIFICATION NUMBER
Classification number 759 CUL
100 ## - MAIN ENTRY--PERSONAL NAME
Personal name CULLIS,MEGAN
Relator term AUTHOR
245 ## - TITLE STATEMENT
Title FAMOUS PAINTINGS
260 ## - PUBLICATION, DISTRIBUTION, ETC.
Place of publication, distribution, etc. 83-85 SAFFRON HILL,LONDON,EC1N 8RT,ENGLAND
Name of publisher, distributor, etc. USBORNE PUBLISHING LTD
Date of publication, distribution, etc. 2018
300 ## - PHYSICAL DESCRIPTION
Extent 31 PAGES
Other physical details COLOUR ILLUSTRATION
Dimensions 22 cm x 27 cm
500 ## - GENERAL NOTE
General note FROM da Vinci's Mona Lisa to Dega's Blue Dancers
521 ## - TARGET AUDIENCE NOTE
Target audience note Ages 10-12 years old
650 ## - SUBJECT ADDED ENTRY--TOPICAL TERM
Topical term or geographic name entry element Juvenile Art Literature
655 ## - INDEX TERM--GENRE/FORM
Genre/form data or focus term Art
700 ## - ADDED ENTRY--PERSONAL NAME
Personal name Beech,Mark
Relator term Illustrator
942 ## - ADDED ENTRY ELEMENTS (KOHA)
Source of classification or shelving scheme
Koha item type Books - Non Ficton
Holdings
Withdrawn status Lost status Source of classification or shelving scheme Damaged status Not for loan Collection code Permanent Location Current Location Shelving location Date acquired Total Checkouts Full call number Barcode Date last seen Date last checked out Price effective from Koha item type Public note
          Non-Fiction KH8 Primary School Library KH8 Primary School Library Non Fiction 2025-06-12 1 759 CUL KHPL000007064 2025-12-05 2025-11-13 2025-06-12 Books - Non Ficton KH8 PRIMARY LIBRARY

Powered By KH8 IT Dept